[Event "Asuncion CIT op"]
[Site "Asuncion"]
[Date "2023.08.17"]
[Round "8"]
[White "Franco Pinanez, Miguel Augusto"]
[Black "Serafim, Paulo Rogerio"]
[Result "1/2-1/2"]
[WhiteElo "1809"]
[BlackElo "1460"]
[PlyCount "81"]
[EventDate "2023.08.12"]
[EventType "swiss"]
[EventRounds "9"]
[EventCountry "PAR"]
[SourceTitle "CBM 215 Extra"]
[Source "ChessBase"]
[SourceDate "2023.09.30"]
[SourceVersion "1"]
[SourceVersionDate "2023.09.30"]
[SourceQuality "1"]

1. e4 e6 2. d4 d5 3. Nc3 Nf6 4. e5 Nfd7 5. f4 c5 6. Nf3 Nc6 7. Be3 a6 8. Qd2 b5 9. Be2 Qa5 10. 0-0 b4 11. Nd1 Qb6 12. c3 a5 13. Nf2 Ba6 14. Bxa6 Qxa6 15. g4 bxc3 16. bxc3 cxd4 17. cxd4 Nb6 18. a3 Nc4 19. Qc1 Rb8 20. f5 Rb3 21. Nd2 Nxd2 22. Qxd2 Bxa3 23. fxe6 fxe6 24. Nd1 Bb4 25. Qg2 Rf8 26. Rxf8+ Bxf8 27. Qc2 Rd3 28. Rc1 Kd7 29. Bf2 Bb4 30. Qe2 Rg3+ 31. Kf1 Qxe2+ 32. Kxe2 Rxg4 33. Kd3 Rf4 34. Be3 Rh4 35. Nb2 Rxh2 36. Na4 h5 37. Nb6+ Kc7 38. Nxd5+ exd5 39. e6 Be7 40. Bf4+ Bd6 41. Bxh2 1/2-1/2

[Event "Asuncion CIT op"]
[Site "Asuncion"]
[Date "2023.08.16"]
[Round "7"]
[White "Franco Gonzalez, Paul"]
[Black "Franco Pinanez, Miguel Augusto"]
[Result "1/2-1/2"]
[WhiteElo "1392"]
[BlackElo "1809"]
[PlyCount "78"]
[EventDate "2023.08.12"]
[EventType "swiss"]
[EventRounds "9"]
[EventCountry "PAR"]
[SourceTitle "CBM 215 Extra"]
[Source "ChessBase"]
[SourceDate "2023.09.30"]
[SourceVersion "1"]
[SourceVersionDate "2023.09.30"]
[SourceQuality "1"]

1. d4 f5 2. e3 Nf6 3. f4 g6 4. Nf3 Bg7 5. Bd3 0-0 6. 0-0 d6 7. c3 e6 8. b4 Qe7 9. Qb3 Kh8 10. Bb2 e5 11. fxe5 Ng4 12. h3 dxe5 13. hxg4 e4 14. b5 exd3 15. gxf5 Qxe3+ 16. Rf2 Bxf5 17. Nbd2 Nd7 18. Re1 Qh6 19. Nh2 Rae8 20. Qd1 Nf6 21. c4 Bg4 22. Ndf3 Bxf3 23. gxf3 Qg5+ 24. Rg2 Rxe1+ 25. Qxe1 Re8 26. Qd2 Qxd2 27. Rxd2 Re3 28. Kf2 Bh6 29. Nf1 Re2+ 30. Rxe2 dxe2 31. Kxe2 Kg8 32. d5 Kf7 33. Be5 Ne8 34. Ng3 Bg7 35. f4 Nd6 36. Bxd6 cxd6 37. Ne4 Ke7 38. Kf3 h5 39. Ng5 b6 1/2-1/2

[Event "Asuncion CIT op"]
[Site "Asuncion"]
[Date "2023.08.14"]
[Round "4"]
[White "Ocampos Mereles, Martin Alfredo"]
[Black "Franco Pinanez, Miguel Augusto"]
[Result "0-1"]
[WhiteElo "1379"]
[BlackElo "1809"]
[PlyCount "53"]
[EventDate "2023.08.12"]
[EventType "swiss"]
[EventRounds "9"]
[EventCountry "PAR"]
[SourceTitle "CBM 215 Extra"]
[Source "ChessBase"]
[SourceDate "2023.09.30"]
[SourceVersion "1"]
[SourceVersionDate "2023.09.30"]
[SourceQuality "1"]

1. e4 d6 2. d4 Nf6 3. Nc3 c6 4. Nf3 Qa5 5. Bd2 e5 6. Nd5 Qd8 7. Nxf6+ Qxf6 8. dxe5 dxe5 9. Be2 Bg4 10. Bg5 Qd6 11. Qxd6 Bxd6 12. Rd1 Bc7 13. h3 Be6 14. Bh4 f6 15. Bg3 Nd7 16. b3 a5 17. Nd4 exd4 18. Bxc7 c5 19. Bb5 Ke7 20. c3 dxc3 21. Bd6+ Kf7 22. Bxd7 Bxd7 23. Bxc5 Bc6 24. f3 Rhd8 25. Bd4 c2 26. Rc1 Rxd4 27. Rxc2 0-1

[Event "Asuncion CIT op"]
[Site "Asuncion"]
[Date "2023.08.13"]
[Round "3"]
[White "Franco Pinanez, Miguel Augusto"]
[Black "Sanchez Bobadilla, Valeria Belen"]
[Result "1/2-1/2"]
[WhiteElo "1809"]
[BlackElo "1398"]
[PlyCount "73"]
[EventDate "2023.08.12"]
[EventType "swiss"]
[EventRounds "9"]
[EventCountry "PAR"]
[SourceTitle "CBM 215 Extra"]
[Source "ChessBase"]
[SourceDate "2023.09.30"]
[SourceVersion "1"]
[SourceVersionDate "2023.09.30"]
[SourceQuality "1"]

1. e4 e5 2. Nf3 Nc6 3. Bc4 Bc5 4. 0-0 d6 5. h3 Nf6 6. Re1 h6 7. c3 Qe7 8. d4 Bb6 9. Qd3 a6 10. Nbd2 0-0 11. Bb3 Ba7 12. Nf1 Kh7 13. Ng3 g6 14. Be3 Ng8 15. dxe5 Nxe5 16. Nxe5 dxe5 17. Bxa7 Rxa7 18. Rad1 Ra8 19. Rd2 Nf6 20. Red1 Be6 21. Qc2 Bxb3 22. Qxb3 b6 23. Qc4 Kg7 24. Nf1 a5 25. Ne3 Rfd8 26. Nd5 Nxd5 27. Rxd5 Rab8 28. Qb5 c5 29. c4 Rxd5 30. Rxd5 Qh4 31. f3 Qe1+ 32. Kh2 Qe3 33. Qb3 Qxb3 34. axb3 Kf6 35. g4 Ke6 36. Kg3 g5 37. h4 1/2-1/2

[Event "Asuncion CIT op"]
[Site "Asuncion"]
[Date "2023.08.12"]
[Round "1"]
[White "Franco Pinanez, Miguel Augusto"]
[Black "Veloso Tintel, Emmanuel Ian"]
[Result "1-0"]
[WhiteElo "1809"]
[BlackElo "1067"]
[PlyCount "49"]
[EventDate "2023.08.12"]
[EventType "swiss"]
[EventRounds "9"]
[EventCountry "PAR"]
[SourceTitle "CBM 215 Extra"]
[Source "ChessBase"]
[SourceDate "2023.09.30"]
[SourceVersion "1"]
[SourceVersionDate "2023.09.30"]
[SourceQuality "1"]

1. e4 e5 2. Nf3 Nc6 3. Bc4 g6 4. d4 exd4 5. c3 Bg7 6. Bg5 Nge7 7. cxd4 0-0 8. Nc3 d6 9. h3 Re8 10. 0-0 a6 11. a3 b5 12. Ba2 Bb7 13. Rc1 Qd7 14. d5 Ne5 15. Nxe5 Bxe5 16. f4 Bg7 17. Re1 a5 18. e5 dxe5 19. fxe5 b4 20. Ne4 Nxd5 21. Nc5 Qf5 22. Nxb7 Qxg5 23. Qxd5 Rxe5 24. Qxf7+ Kh8 25. Qxc7 1-0

[Event "Asuncion DTA op 6th"]
[Site "Asuncion"]
[Date "2019.08.05"]
[Round "7"]
[White "Recalde, Ariel"]
[Black "Franco Pinanez, Miguel Augusto"]
[Result "1-0"]
[WhiteElo "1899"]
[BlackElo "1836"]
[PlyCount "91"]
[EventDate "2019.08.01"]
[EventType "swiss"]
[EventRounds "7"]
[EventCountry "PAR"]
[SourceTitle "EXT 2020"]
[Source "ChessBase"]
[SourceDate "2019.10.17"]
[SourceVersion "1"]
[SourceVersionDate "2019.10.17"]
[SourceQuality "1"]

1. d4 d5 2. Nf3 Nf6 3. c4 e6 4. Nc3 c6 5. Bg5 h6 6. Bxf6 Qxf6 7. e3 Nd7 8. Rc1 g6 9. Bd3 dxc4 10. Bxc4 Bg7 11. 0-0 0-0 12. e4 e5 13. d5 Nb6 14. Bb3 Bg4 15. h3 Bxf3 16. Qxf3 Qxf3 17. gxf3 Rfd8 18. Rfd1 Rac8 19. dxc6 bxc6 20. Rxd8+ Rxd8 21. Na4 Nxa4 22. Bxa4 Rd2 23. Rxc6 f5 24. Rxg6 fxe4 25. fxe4 Rxb2 26. Bb3+ Kh7 27. Ra6 Bf8 28. Rxa7+ Kg6 29. Rc7 Kg5 30. Kg2 Bb4 31. Rf7 Bc5 32. Kg3 Kg6 33. Rf5 Bd4 34. h4 Rb1 35. h5+ Kg7 36. Rf7+ Kh8 37. Kf3 Rh1 38. Rf5 Kg7 39. Ke2 Rh3 40. f3 Rh4 41. Kd3 Rh1 42. f4 Rh3+ 43. Kc4 Rh4 44. Kd5 Be3 45. fxe5 Bg5 46. e6 1-0

[Event "Asuncion DTA op 6th"]
[Site "Asuncion"]
[Date "2019.08.03"]
[Round "3"]
[White "Benitez Irazusta, Eduardo A"]
[Black "Franco Pinanez, Miguel Augusto"]
[Result "1-0"]
[WhiteElo "1754"]
[BlackElo "1836"]
[PlyCount "101"]
[EventDate "2019.08.01"]
[EventType "swiss"]
[EventRounds "7"]
[EventCountry "PAR"]
[SourceTitle "EXT 2020"]
[Source "ChessBase"]
[SourceDate "2019.10.17"]
[SourceVersion "1"]
[SourceVersionDate "2019.10.17"]
[SourceQuality "1"]

1. d4 f5 2. c4 Nf6 3. Nc3 d6 4. f3 g6 5. e4 fxe4 6. fxe4 c5 7. Nf3 Bg4 8. Be2 Bxf3 9. Bxf3 Nc6 10. e5 cxd4 11. exf6 dxc3 12. Bxc6+ bxc6 13. f7+ Kd7 14. Qd4 e5 15. Qg4+ Kc7 16. bxc3 Qd7 17. Qf3 Qf5 18. 0-0 Qxf3 19. Rxf3 Bg7 20. Bg5 Rab8 21. Raf1 Kd7 22. f8Q Bxf8 23. Rf7+ Ke8 24. Rxa7 h6 25. Be3 Be7 26. a4 g5 27. a5 Rf8 28. a6 Rxf1+ 29. Kxf1 Rb1+ 30. Ke2 c5 31. Rb7 Ra1 32. a7 Kf7 33. Kf3 Ke6 34. Kg4 Bf6 35. Kh5 e4 36. Kxh6 Be5 37. g3 Bxc3 38. Kxg5 Be5 39. Kg4 Bd4 40. Kf4 Bxe3+ 41. Kxe3 d5 42. h4 dxc4 43. Kxe4 Re1+ 44. Kf3 Ra1 45. Ke3 Kd5 46. h5 Ra3+ 47. Kd2 c3+ 48. Kd3 c4+ 49. Kc2 Kd4 50. Rd7+ Kc5 51. h6 1-0

[Event "Asuncion Avanza Cup"]
[Site "Asuncion"]
[Date "2018.12.08"]
[Round "3"]
[White "Franco Pinanez, Miguel Augusto"]
[Black "Britez, G Jorge A"]
[Result "1-0"]
[WhiteElo "1849"]
[BlackElo "1820"]
[PlyCount "49"]
[EventDate "2018.12.07"]
[EventType "swiss"]
[EventRounds "7"]
[EventCountry "PAR"]
[SourceTitle "CBM 187 Extra"]
[Source "ChessBase"]
[SourceDate "2018.11.04"]
[SourceVersion "1"]
[SourceVersionDate "2018.11.04"]
[SourceQuality "1"]

1. e4 c6 2. d4 d5 3. e5 Bf5 4. Nc3 e6 5. g4 Bg6 6. Nge2 c5 7. h4 cxd4 8. Nxd4 h5 9. Bb5+ Nd7 10. f4 hxg4 11. f5 Rxh4 12. Rf1 Bxf5 13. Nxf5 exf5 14. Qxd5 a6 15. e6 fxe6 16. Qxe6+ Qe7 17. Bxd7+ Kd8 18. Bg5 Qxg5 19. Qe8+ Kc7 20. Nd5+ Kd6 21. Qe6+ Kc5 22. Qb6+ Kc4 23. b3+ Kxd5 24. Rd1+ Ke5 25. Qe6# 1-0

[Event "Asuncion Avanza Cup"]
[Site "Asuncion"]
[Date "2018.12.08"]
[Round "4"]
[White "Recalde, Ariel"]
[Black "Franco Pinanez, Miguel Augusto"]
[Result "1-0"]
[WhiteElo "1890"]
[BlackElo "1849"]
[PlyCount "117"]
[EventDate "2018.12.07"]
[EventType "swiss"]
[EventRounds "7"]
[EventCountry "PAR"]
[SourceTitle "CBM 187 Extra"]
[Source "ChessBase"]
[SourceDate "2018.11.04"]
[SourceVersion "1"]
[SourceVersionDate "2018.11.04"]
[SourceQuality "1"]

1. d4 f5 2. Nc3 d5 3. f3 Nf6 4. Bg5 Nbd7 5. Qd3 h6 6. Qxf5 Kf7 7. Bxf6 Nxf6 8. Qd3 e6 9. e4 Bb4 10. e5 Nd7 11. Nge2 c5 12. 0-0-0 Qe7 13. Kb1 Re8 14. Nb5 Kg8 15. Nd6 c4 16. Qg6 Rf8 17. Nxc8 Raxc8 18. c3 Ba5 19. g3 b5 20. Bh3 Rc6 21. Nf4 Rxf4 22. gxf4 b4 23. cxb4 Nf8 24. Qg2 Qxb4 25. Rhg1 Rc7 26. Rc1 Qb6 27. Rgd1 c3 28. b3 Bb4 29. f5 Ba3 30. Rc2 a5 31. Rd3 a4 32. Rdxc3 Rxc3 33. Rxc3 Qxd4 34. Kc2 Bb4 35. Rc7 axb3+ 36. Kxb3 Be7 37. Rxe7 Qc4+ 38. Kb2 Qb4+ 39. Ka1 Qxe7 40. f6 Qc7 41. Qxg7+ Qxg7 42. fxg7 Kxg7 43. a4 Kf7 44. a5 Nd7 45. a6 Ke7 46. a7 Nb6 47. Kb2 Kd7 48. Kc3 Kc7 49. Bxe6 Kb7 50. Kd4 Kxa7 51. f4 Kb7 52. Bxd5+ Kc7 53. f5 Kd7 54. f6 Nc8 55. Ke4 Nb6 56. Bb3 Ke8 57. e6 Nc8 58. Ba4+ Kf8 59. Ke5 1-0

[Event "Asuncion Avanza Cup"]
[Site "Asuncion"]
[Date "2018.12.08"]
[Round "2"]
[White "Saldana, Fernando Javier"]
[Black "Franco Pinanez, Miguel Augusto"]
[Result "1/2-1/2"]
[WhiteElo "1690"]
[BlackElo "1849"]
[PlyCount "55"]
[EventDate "2018.12.07"]
[EventType "swiss"]
[EventRounds "7"]
[EventCountry "PAR"]
[SourceTitle "CBM 187 Extra"]
[Source "ChessBase"]
[SourceDate "2018.11.04"]
[SourceVersion "1"]
[SourceVersionDate "2018.11.04"]
[SourceQuality "1"]

1. d4 f5 2. e4 fxe4 3. Nc3 Nf6 4. Bg5 Nc6 5. d5 Ne5 6. Bxf6 exf6 7. Qd4 d6 8. Qxe4 Be7 9. 0-0-0 0-0 10. f4 f5 11. Qe1 Nf7 12. Nf3 Bf6 13. Be2 Re8 14. Qd2 Bxc3 15. bxc3 Qd7 16. Rhe1 Qa4 17. Kb1 Bd7 18. Qd4 Qa5 19. Bf1 Bb5 20. Bxb5 Qxb5+ 21. Kc1 Qa5 22. Kb1 b6 23. Qb4 Qxb4+ 24. cxb4 Re4 25. Rxe4 fxe4 26. Ng1 Re8 27. g3 e3 28. Re1 1/2-1/2

[Event "Asuncion Avanza Cup"]
[Site "Asuncion"]
[Date "2018.12.07"]
[Round "1"]
[White "Franco Pinanez, Miguel Augusto"]
[Black "Gonzalez Gauto, Victor"]
[Result "1-0"]
[WhiteElo "1849"]
[BlackElo "1471"]
[PlyCount "109"]
[EventDate "2018.12.07"]
[EventType "swiss"]
[EventRounds "7"]
[EventCountry "PAR"]
[SourceTitle "CBM 187 Extra"]
[Source "ChessBase"]
[SourceDate "2018.11.04"]
[SourceVersion "1"]
[SourceVersionDate "2018.11.04"]
[SourceQuality "1"]

1. e4 c5 2. Nf3 Nc6 3. d4 cxd4 4. Nxd4 d6 5. Nc3 Nf6 6. Bg5 e5 7. Bxf6 Qxf6 8. Nd5 Qg6 9. Nxc6 bxc6 10. Nc7+ Kd8 11. Nxa8 Qxe4+ 12. Qe2 Qb4+ 13. Qd2 d5 14. Qxb4 Bxb4+ 15. c3 Bd6 16. a4 Bb7 17. Nb6 axb6 18. a5 b5 19. a6 Ba8 20. Be2 f5 21. 0-0 Re8 22. f3 Bc5+ 23. Kh1 Kc7 24. g4 f4 25. Bd3 e4 26. fxe4 dxe4 27. Rae1 Be3 28. Be2 c5 29. Bxb5 Re7 30. Rxe3 fxe3 31. Rf8 Kb6 32. Bc4 Bc6 33. Kg1 Bb5 34. Rb8+ Kxa6 35. Rxb5 Rd7 36. Rxc5+ Kb6 37. Rd5 Ra7 38. Rd6+ Kc5 39. Ra6 Rd7 40. Be2 Rf7 41. b4+ Kd5 42. Ra5+ Kd6 43. c4 Rf2 44. Rd5+ Kc6 45. b5+ Kc7 46. Bf1 Rc2 47. Rg5 g6 48. Rc5+ Kb7 49. Re5 e2 50. Rxe4 exf1Q+ 51. Kxf1 h5 52. gxh5 gxh5 53. h4 Kb6 54. Re6+ Kc5 55. Rc6+ 1-0

[Event "Asuncion Aurora Cup U2200"]
[Site "Asuncion"]
[Date "2018.10.21"]
[Round "5"]
[White "Montiel, Angel Nathanael"]
[Black "Franco Pinanez, Miguel Augusto"]
[Result "0-1"]
[WhiteElo "1607"]
[BlackElo "1816"]
[PlyCount "48"]
[EventDate "2018.10.19"]
[EventType "swiss"]
[EventRounds "7"]
[EventCountry "PAR"]
[SourceTitle "CBM 187 Extra"]
[Source "ChessBase"]
[SourceDate "2018.11.04"]
[SourceVersion "1"]
[SourceVersionDate "2018.11.04"]
[SourceQuality "1"]

1. e4 c5 2. Nf3 e6 3. d4 cxd4 4. Nxd4 Nc6 5. Nc3 Qc7 6. Qd3 Nf6 7. Ndb5 Qb8 8. Qg3 d6 9. Bf4 Nh5 10. Qf3 Nxf4 11. Qxf4 a6 12. Na3 b5 13. Ne2 Be7 14. g3 0-0 15. Bg2 Ne5 16. Nb1 Qc7 17. Qd2 Nc4 18. Qb4 a5 19. Qxb5 Ba6 20. Qh5 Nxb2 21. 0-0 Rac8 22. c3 Bf6 23. f4 Nd3 24. f5 Qb6+ 0-1

[Event "Asuncion Aurora Cup U2200"]
[Site "Asuncion"]
[Date "2018.10.20"]
[Round "4"]
[White "Franco Pinanez, Miguel Augusto"]
[Black "Benitez, Raul Ivan"]
[Result "1/2-1/2"]
[WhiteElo "1816"]
[BlackElo "1735"]
[PlyCount "54"]
[EventDate "2018.10.19"]
[EventType "swiss"]
[EventRounds "7"]
[EventCountry "PAR"]
[SourceTitle "CBM 187 Extra"]
[Source "ChessBase"]
[SourceDate "2018.11.04"]
[SourceVersion "1"]
[SourceVersionDate "2018.11.04"]
[SourceQuality "1"]

1. e4 g6 2. d4 Bg7 3. Nc3 c5 4. Nf3 Nc6 5. Be3 cxd4 6. Nxd4 Nf6 7. Bc4 a6 8. Bb3 e5 9. Nde2 Na5 10. Bg5 Nxb3 11. axb3 0-0 12. Nd5 d6 13. Nec3 Be6 14. 0-0 h6 15. Nxf6+ Bxf6 16. Bxh6 Bg7 17. Bxg7 Kxg7 18. Qd2 Rh8 19. f4 Qh4 20. g3 Qh6 21. Qf2 exf4 22. gxf4 Rh7 23. Rad1 Rah8 24. Rd2 Qh5 25. Qg3 Qc5+ 26. Qf2 Rxh2 27. Qxc5 Rh1+ 1/2-1/2

[Event "Asuncion Aurora Cup U2200"]
[Site "Asuncion"]
[Date "2018.10.20"]
[Round "2"]
[White "Franco Pinanez, Miguel Augusto"]
[Black "Nunez, Pablo"]
[Result "1-0"]
[WhiteElo "1816"]
[BlackElo "1558"]
[PlyCount "113"]
[EventDate "2018.10.19"]
[EventType "swiss"]
[EventRounds "7"]
[EventCountry "PAR"]
[SourceTitle "CBM 187 Extra"]
[Source "ChessBase"]
[SourceDate "2018.11.04"]
[SourceVersion "1"]
[SourceVersionDate "2018.11.04"]
[SourceQuality "1"]

1. e4 d5 2. exd5 Nf6 3. d4 Nxd5 4. c4 Nb6 5. Be2 Bf5 6. Nf3 e6 7. 0-0 Be7 8. Nc3 Nc6 9. h3 0-0 10. Bf4 a6 11. d5 exd5 12. Nxd5 Nxd5 13. cxd5 Nb4 14. Bc4 Be4 15. Re1 Bxf3 16. gxf3 a5 17. a3 Na6 18. Bf1 Bc5 19. Bg2 Qh4 20. Be3 Bd6 21. Rc1 Rae8 22. Qb3 Nc5 23. Qc4 Qxc4 24. Rxc4 Nd3 25. Rb1 Be5 26. f4 Bd6 27. Bf1 b5 28. Rc6 Nxf4 29. Rxd6 Nxh3+ 30. Bxh3 cxd6 31. Rc1 Re5 32. Bg2 f5 33. Bf4 Re2 34. Bxd6 Rf6 35. Rc8+ Kf7 36. Rf8+ Kg6 37. Rxf6+ Kxf6 38. Bc7 a4 39. f4 Ke7 40. Be5 g6 41. d6+ Kd7 42. Bf1 Re1 43. Kf2 Rxf1+ 44. Kxf1 Kc6 45. Kf2 Kd7 46. Kg3 h6 47. Kh4 Ke6 48. Bg7 g5+ 49. fxg5 hxg5+ 50. Kxg5 Kxd6 51. Kxf5 Kd5 52. Bc3 Kc4 53. Ke4 Kc5 54. Ke5 Kc6 55. Bb4 Kb6 56. Kd6 Ka6 57. Kc6 1-0

[Event "Asuncion Clasificatorio op 4th"]
[Site "Asuncion"]
[Date "2018.06.11"]
[Round "6"]
[White "Vazquez, Alejandro1111"]
[Black "Franco Pinanez, Miguel Augusto"]
[Result "1/2-1/2"]
[WhiteElo "1507"]
[BlackElo "1793"]
[PlyCount "34"]
[EventDate "2018.06.08"]
[EventType "swiss"]
[EventRounds "7"]
[EventCountry "PAR"]
[SourceTitle "CBM 184 Extra"]
[Source "ChessBase"]
[SourceDate "2018.06.28"]
[SourceVersion "1"]
[SourceVersionDate "2018.06.28"]
[SourceQuality "1"]

1. e4 c5 2. Nf3 Nc6 3. d4 cxd4 4. Nxd4 e6 5. Be2 Nf6 6. f3 d5 7. exd5 Qxd5 8. Nxc6 Qxc6 9. Nc3 a6 10. Qd3 Bc5 11. Be3 0-0 12. Bxc5 Qxc5 13. 0-0-0 e5 14. Qd6 Qe3+ 15. Qd2 Qc5 16. Qd6 Qe3+ 17. Qd2 Qc5 1/2-1/2

[Event "Brazil Foz do Iguacu op"]
[Site "Foz do Iguacu"]
[Date "2018.05.20"]
[Round "9"]
[White "Franco Pinanez, Miguel Augusto"]
[Black "Calcado, Acyr Rogerio"]
[Result "0-1"]
[WhiteElo "1783"]
[BlackElo "2105"]
[PlyCount "74"]
[EventDate "2018.05.16"]
[EventType "swiss"]
[EventRounds "9"]
[EventCountry "BRA"]
[SourceTitle "EXT 2019"]
[Source "ChessBase"]
[SourceDate "2018.10.10"]
[SourceVersion "1"]
[SourceVersionDate "2018.10.10"]
[SourceQuality "1"]

1. e4 c6 2. d4 d5 3. e5 c5 4. dxc5 e6 5. f4 Bxc5 6. Nf3 Qb6 7. Qe2 Nc6 8. Nbd2 Bd7 9. Nb3 Be7 10. Be3 Qc7 11. Qd2 f6 12. exf6 Nxf6 13. Bd3 Nb4 14. c3 Nxd3+ 15. Qxd3 Bd6 16. g3 0-0 17. 0-0 a6 18. Nfd4 Rae8 19. Rae1 Re7 20. Bd2 Ne4 21. Bc1 b5 22. Nd2 Nc5 23. Qc2 Be8 24. b4 Ne4 25. Nxe4 dxe4 26. Rxe4 Bg6 27. f5 exf5 28. Ne6 Qc6 29. Nxf8 Rxe4 30. Nxg6 hxg6 31. Qd3 Bc7 32. Qf3 Bb6+ 33. Kg2 Re2+ 34. Kh3 Qe6 35. Bf4 g5 36. Bxg5 f4+ 37. g4 Re3 0-1

[Event "Brazil Foz do Iguacu op"]
[Site "Foz do Iguacu"]
[Date "2018.05.17"]
[Round "3"]
[White "Franco Pinanez, Miguel Augusto"]
[Black "Oliveira, Jonathan De"]
[Result "0-1"]
[WhiteElo "1783"]
[BlackElo "2177"]
[PlyCount "60"]
[EventDate "2018.05.16"]
[EventType "swiss"]
[EventRounds "9"]
[EventCountry "BRA"]
[SourceTitle "CBM 184 Extra"]
[Source "ChessBase"]
[SourceDate "2018.06.28"]
[SourceVersion "1"]
[SourceVersionDate "2018.06.28"]
[SourceQuality "1"]

1. e4 e5 2. Nf3 Nc6 3. Bc4 Nf6 4. Ng5 d5 5. exd5 Na5 6. Bb5+ c6 7. dxc6 bxc6 8. Bd3 Nd5 9. Nf3 Nf4 10. 0-0 Bd6 11. Re1 0-0 12. Nc3 f5 13. Nxe5 Qg5 14. g3 Nh3+ 15. Kg2 f4 16. Nf3 fxg3 17. fxg3 Qh5 18. Be2 Nf2 19. Kxf2 Qxh2+ 20. Ke3 Re8+ 21. Ne4 Rxe4+ 22. Kxe4 Bf5+ 23. Kxf5 Qh5+ 24. Ng5 Rf8+ 25. Ke4 Qg6+ 26. Kd4 Be5+ 27. Kxe5 Qxg5+ 28. Kd4 Qf6+ 29. Kc5 Qe7+ 30. Kd4 Rd8+ 0-1

[Event "Brazil Foz do Iguacu op"]
[Site "Foz do Iguacu"]
[Date "2018.05.17"]
[Round "4"]
[White "Riquelme Oviedo, Fabio"]
[Black "Franco Pinanez, Miguel Augusto"]
[Result "1/2-1/2"]
[WhiteElo "1550"]
[BlackElo "1783"]
[PlyCount "59"]
[EventDate "2018.05.16"]
[EventType "swiss"]
[EventRounds "9"]
[EventCountry "BRA"]
[SourceTitle "CBM 184 Extra"]
[Source "ChessBase"]
[SourceDate "2018.06.28"]
[SourceVersion "1"]
[SourceVersionDate "2018.06.28"]
[SourceQuality "1"]

1. d4 Nf6 2. c4 c5 3. Nf3 cxd4 4. Nxd4 e6 5. g3 d5 6. Bg2 Bb4+ 7. Nc3 0-0 8. 0-0 e5 9. Nc2 Bxc3 10. bxc3 dxc4 11. Qxd8 Rxd8 12. Bg5 Nc6 13. Bxf6 gxf6 14. Bxc6 bxc6 15. Rad1 Be6 16. Ne3 Kf8 17. a4 Ke7 18. a5 Rxd1 19. Rxd1 Rb8 20. Ra1 f5 21. Ra4 Rb5 22. Nxc4 Bxc4 23. Rxc4 Rxa5 24. Rxc6 Ra1+ 25. Kg2 a5 26. Rh6 a4 27. Rxh7 a3 28. Rh8 Rc1 29. Ra8 Rxc3 30. h4 1/2-1/2

[Event "Encarnacion op 3rd"]
[Site "Encarnacion"]
[Date "2018.05.13"]
[Round "4"]
[White "Vazquez, Alejandro1111"]
[Black "Franco Pinanez, Miguel Augusto"]
[Result "1/2-1/2"]
[WhiteElo "1561"]
[BlackElo "1783"]
[PlyCount "64"]
[EventDate "2018.05.12"]
[EventType "swiss"]
[EventRounds "7"]
[EventCountry "PAR"]
[SourceTitle "CBM 184 Extra"]
[Source "ChessBase"]
[SourceDate "2018.06.28"]
[SourceVersion "1"]
[SourceVersionDate "2018.06.28"]
[SourceQuality "1"]

1. e4 c5 2. Nf3 e6 3. c3 d5 4. exd5 exd5 5. d4 Nc6 6. Bb5 Bd6 7. dxc5 Bxc5 8. 0-0 Nge7 9. Nbd2 Bg4 10. Nb3 Bb6 11. Re1 0-0 12. Be3 Bc7 13. Bg5 f6 14. Bh4 Nf5 15. Bg3 Nxg3 16. hxg3 a6 17. Bxc6 bxc6 18. Nbd4 c5 19. Ne6 Bxe6 20. Rxe6 Kh8 21. Qe2 Re8 22. Re1 Rxe6 23. Qxe6 h6 24. Qf7 Ba5 25. Nh4 d4 26. Re2 Qg8 27. Qh5 dxc3 28. bxc3 Rd8 29. Nf5 Qd5 30. Re7 Qd1+ 31. Qxd1 Rxd1+ 32. Kh2 Rd5 1/2-1/2

[Event "PAR-ch qual1"]
[Site "Asuncion"]
[Date "2018.03.31"]
[Round "7"]
[White "Franco Pinanez, Miguel Augusto"]
[Black "Gamarra, Ramon"]
[Result "1/2-1/2"]
[WhiteElo "1746"]
[BlackElo "1898"]
[PlyCount "52"]
[EventDate "2018.03.28"]
[EventType "swiss"]
[EventRounds "7"]
[EventCountry "PAR"]
[SourceTitle "EXT 2019"]
[Source "ChessBase"]
[SourceDate "2018.10.10"]
[SourceVersion "1"]
[SourceVersionDate "2018.10.10"]
[SourceQuality "1"]

1. e4 c5 2. Nf3 d6 3. d4 cxd4 4. Nxd4 Nf6 5. Nc3 a6 6. h3 Qc7 7. g4 h6 8. Bg2 e6 9. 0-0 Nc6 10. Be3 Bd7 11. Qd2 Rc8 12. f4 Na5 13. Qf2 Nc4 14. Bc1 Qc5 15. g5 Nh5 16. b3 Na5 17. Nce2 g6 18. Be3 Qc7 19. f5 gxf5 20. exf5 e5 21. Ne6 fxe6 22. Bb6 Qxc2 23. fxe6 Bxe6 24. Rac1 Qg6 25. Rxc8+ Bxc8 26. Bxa5 Be7 1/2-1/2

[Event "PAR-ch qual1"]
[Site "Asuncion"]
[Date "2018.03.29"]
[Round "2"]
[White "Alarcon, Jose"]
[Black "Franco Pinanez, Miguel Augusto"]
[Result "1-0"]
[WhiteElo "2001"]
[BlackElo "1746"]
[PlyCount "97"]
[EventDate "2018.03.28"]
[EventType "swiss"]
[EventRounds "7"]
[EventCountry "PAR"]
[SourceTitle "EXT 2019"]
[Source "ChessBase"]
[SourceDate "2018.10.10"]
[SourceVersion "1"]
[SourceVersionDate "2018.10.10"]
[SourceQuality "1"]

1. d4 d5 2. c4 e6 3. Nc3 c6 4. cxd5 exd5 5. Bf4 Bd6 6. Bxd6 Qxd6 7. Nf3 Nf6 8. e3 0-0 9. Bd3 Bg4 10. h3 Bxf3 11. Qxf3 Nbd7 12. 0-0 Rfe8 13. a3 Qe7 14. b4 a6 15. Rfc1 Kh8 16. Na4 Ne4 17. Nc5 Ndxc5 18. bxc5 Nd2 19. Qd1 Ne4 20. Bxe4 Qxe4 21. Rcb1 Re7 22. Rb6 f5 23. Qf3 Qd3 24. Rab1 Qxa3 25. Rxb7 Rxb7 26. Rxb7 a5 27. Qxf5 a4 28. Ra7 Rg8 29. Qb1 h6 30. Qc2 Qa1+ 31. Kh2 Rf8 32. Rxa4 Rxf2 33. Rxa1 Rxc2 34. Ra6 Re2 35. Rxc6 Rxe3 36. Rd6 Kg8 37. Rxd5 Kf7 38. Rd6 Ke7 39. Kg1 Rc3 40. Kf2 Ra3 41. Ke2 Rg3 42. Kf2 Rc3 43. Rg6 Kf7 44. Rg3 Rc4 45. Rd3 Kf6 46. Ke3 Kf5 47. g4+ Ke6 48. Ke4 g6 49. Rb3 1-0

[Event "Asuncion Bobby Fischer U2000"]
[Site "Asuncion"]
[Date "2018.02.18"]
[Round "7.2"]
[White "Franco Pinanez, Miguel Augusto"]
[Black "Heinechen, John"]
[Result "0-1"]
[WhiteElo "1746"]
[BlackElo "1990"]
[PlyCount "52"]
[EventDate "2018.02.15"]
[EventType "swiss"]
[EventRounds "7"]
[EventCountry "PAR"]
[SourceTitle "EXT 2023"]
[Source "ChessBase"]
[SourceDate "2022.10.05"]
[SourceVersion "1"]
[SourceVersionDate "2022.10.05"]
[SourceQuality "1"]

1. e4 c5 2. Nf3 e6 3. Nc3 a6 4. d4 cxd4 5. Nxd4 Qc7 6. Be3 Bb4 7. Qd2 Nf6 8. f3 d5 9. exd5 Nxd5 10. a3 Bxc3 11. bxc3 Qxc3 12. Qxc3 Nxc3 13. Bc4 b5 14. Bd2 bxc4 15. Bxc3 e5 16. Ne2 Nc6 17. Kf2 0-0 18. Rab1 Bf5 19. Rb6 Rfc8 20. Rd1 Bxc2 21. Rd6 Ba4 22. Be1 Bb5 23. Nc3 Nd4 24. Nd5 Nf5 25. Rxb5 axb5 26. Rd7 Rd8 0-1